MARC

LEADER 00000nam0a2200000 4500
001 14114
005 20231030185413.0
035 |a (RuTPU)RU\TPU\book\14202 
035 |a BOOK00000012 
090 |a 14114 
100 |a 20011209d2000 k y0rusy50 ca 
101 0 |a rus 
102 |a RU 
105 |a y z 100zy 
200 1 |a Система "Планета Земля" (Нетрадиционные вопросы геологии)  |e VIII научный семинар 3-4 февраля 2000 г  |f Московский государственный университет им. М. В. Ломоносова (МГУ), Геологический фак-т 
210 |a Москва  |c Гармония строения Земли и планет  |d 2000 
215 |a 112 с. 
610 1 |a геология 
610 1 |a Земля 
610 1 |a строение 
610 1 |a философские проблемы 
610 1 |a метагеология 
610 1 |a мобилизм 
610 1 |a естествознание 
610 1 |a христианство 
610 1 |a магнитные аномалии 
610 1 |a тектоника 
675 |a 55.001  |v 3 
712 0 2 |a Московский государственный университет им. М. В. Ломоносова (МГУ)  |b Геологический фак-т  |2 stltpush  |3 (RuTPU)RU\TPU\col\7 
801 0 |a RU  |b 63413507  |c 20011209  |g PSBO 
801 2 |a RU  |b 63413507  |c 20080206  |g PSBO 
942 |c BK